Render to God : (Record no. 1240)

MARC details
000 -LEADER
fixed length control field 01171cam a22003014a 4500
001 - CONTROL NUMBER
control field 13548334
003 - CONTROL NUMBER IDENTIFIER
control field GBCCL
005 - DATE AND TIME OF LATEST TRANSACTION
control field 20241126110356.0
008 - FIXED-LENGTH DATA ELEMENTS--GENERAL INFORMATION
fixed length control field 040405s2004 mnu b 001 0 eng
010 ## -
-- 2004008042
020 ## - INTERNATIONAL STANDARD BOOK NUMBER
International Standard Book Number 0800636481 (pbk : alk. paper)
040 ## - CATALOGING SOURCE
Original cataloging agency DLC
Transcribing agency DLC
Modifying agency DLC
042 ## -
-- pcc
050 00 -
-- BS2398
-- .N49 2004
082 00 - DEWEY DECIMAL CLASSIFICATION NUMBER
Classification number 231
Edition information 22
Item number NEY
100 1# - MAIN ENTRY--PERSONAL NAME
Personal name Neyrey, Jerome H.,
Dates associated with a name 1940-
9 (RLIN) 2334
245 10 - TITLE STATEMENT
Title Render to God :
Remainder of title New Testament understandings of the divine /
Statement of responsibility, etc. Jerome H. Neyrey.
260 ## - PUBLICATION, DISTRIBUTION, ETC.
Place of publication, distribution, etc. Minneapolis :
Name of publisher, distributor, etc. Fortress Press,
Date of publication, distribution, etc. c2004.
300 ## - PHYSICAL DESCRIPTION
Extent xviii, 313 p. ;
Dimensions 23 cm.
504 ## - BIBLIOGRAPHY, ETC. NOTE
Bibliography, etc. note Includes bibliographical references (p. 269-296) and indexes.
630 00 - SUBJECT ADDED ENTRY--UNIFORM TITLE
Uniform title Bible.
Name of part/section of a work New Testament
General subdivision Theology.
9 (RLIN) 2335
630 00 - SUBJECT ADDED ENTRY--UNIFORM TITLE
Uniform title Bible.
Name of part/section of a work New Testament
General subdivision Social scientific criticism.
9 (RLIN) 2336
650 #0 - SUBJECT ADDED ENTRY--TOPICAL TERM
Topical term or geographic name entry element God
General subdivision Biblical teaching.
9 (RLIN) 2337
856 41 - ELECTRONIC LOCATION AND ACCESS
Materials specified Table of contents
Uniform Resource Identifier <a href="http://www.loc.gov/catdir/toc/ecip0417/2004008042.html">http://www.loc.gov/catdir/toc/ecip0417/2004008042.html</a>
906 ## - LOCAL DATA ELEMENT F, LDF (RLIN)
a 7
b cbc
c orignew
d 1
e ecip
f 20
g y-gencatlg
942 ## - ADDED ENTRY ELEMENTS (KOHA)
Source of classification or shelving scheme Dewey Decimal Classification
Koha item type Books
Koha issues (borrowed), all copies 1
Holdings
Withdrawn status Lost status Source of classification or shelving scheme Damaged status Not for loan Home library Current Library Shelving location Date acquired Total checkouts Full call number Barcode Date last seen Date last checked out Copy number Price effective from Koha item type
    Dewey Decimal Classification     GRACE BIBLE COLLEGE GRACE BIBLE COLLEGE Theology 2017-04-21 1 231 NEY 010420 2025-05-01 2018-10-22 c.1 2017-04-21 Books
    Dewey Decimal Classification     GRACE BIBLE COLLEGE GRACE BIBLE COLLEGE Theology 2021-02-22   231 NEY 020097 2025-05-01   c.2 2021-02-22 Books
© Grace Bible College Library 2025